• 首页
  • 本馆介绍
  • 公告通知
  • 最新文献
  • 馆藏检索
  • 电子资源
  • 读者导购
  • 参考咨询
  • 我的图书馆
  • 登录
  • 详细信息显示
  • 放入我的书架
  • 预约/预借图书
  • 作者相关作品
  • 分类相关作品
  • 丛书相关作品
  • 出版社相关作品

书目信息

  • 表格格式
  • 工作单格式
  • 卡片格式
题名:
排球理论讲义
    
 
作者: 潘庆成 编写
分册:  
出版信息: 石家庄   河北师范大学体育系  1983
页数: 510页
开本: 20cm
丛书名:
单 册:
中图分类: G842.1
科图分类:
主题词: 球类运动
电子资源:
ISBN:
000 00503nam0 2200181 45
001 0405051477
005 20070804085647.04
010    @dCNY1.50
100    @a20040505d1983 km y0chiy0120 ea
101 0  @achi
200 1  @a排球理论讲义@APai Qiu Li Lun Jiang Yi@f潘庆成编写@Fpan qing cheng bian xie
210    @a石家庄@c河北师范大学体育系@d1983
215    @a510页@d20cm
606 0  @a球类运动
690    @aG842.1@v3
701  0 @a潘庆成@Apan qing cheng@4编写
801    @aCN@bTSTCL@c20070804
905    @dG842.1@e16
    
    排球理论讲义/潘庆成编写.-石家庄:河北师范大学体育系,1983
    510页;20cm
    
    
    ISBN :CNY1.50
    
●
相关链接 在E读中查询图书 在五车中查询图书 在当当中查询图书 在豆瓣中查询图书


正题名:排球理论讲义     索取号:G842.1/16         预约/预借

序号 登录号 条形码 馆藏地/架位号 状态 备注
1 0105216   000993134   密集书库/ [索取号:G842.1/16] 在馆    
2 0105217   202140673   密集书库/ [索取号:G842.1/16] 在馆    
3 0105218   202140619   密集书库/ [索取号:G842.1/16] 在馆    
4 0105219   202140637   密集书库/ [索取号:G842.1/16] 在馆    
5 0105220   202140682   密集书库/ [索取号:G842.1/16] 在馆    
6 0105221   202140628   密集书库/ [索取号:G842.1/16] 在馆    
7 0105222   202352907   密集书库/ [索取号:G842.1/16] 在馆    
8 0105223   000993205   密集书库/ [索取号:G842.1/16] 在馆    
9 0105224   000993143   第一样本阅览室/ [索取号:G842.1/16] 在馆    
10 0105225   202140575   密集书库/ [索取号:G842.1/16] 在馆    
11 0446740   204467406   密集书库/ [索取号:G842.1/16] 在馆    
12 0791476   207914765   密集书库/ [索取号:G842.1/16] 在馆    
唐山师范学院图书馆 欢迎您!
大连网信软件有限公司© 版权所有